La calidad educativa y la enseñanza y aprendizaje de las matemáticas en la enseñanza secundaria (Record no. 706182)

000 -CABECERA
Campo de control de longitud fija 00544nab a2200145Ia 4500
003 - IDENTIFICADOR DEL NÚMERO DE CONTROL
Campo de control ES-SlBCS
005 - FECHA Y HORA DE LA ÚLTIMA TRANSACCIÓN
Campo de control 20210601144259.0
008 - CÓDIGOS DE INFORMACIÓN DE LONGITUD FIJA
Campo de control de longitud fija 140529s2004 xxu||||| |||| 00| 0 spa d
041 ## - CÓDIGO DE LENGUA
Código de lengua del texto/banda sonora o título independiente spa
100 1# - PUNTO DE ACCESO PRINCIPAL-NOMBRE DE PERSONA
Nombre de persona Barrio de la Puente, José Luis
9 (RLIN) 297898
245 00 - MENCIÓN DE TÍTULO
Título La calidad educativa y la enseñanza y aprendizaje de las matemáticas en la enseñanza secundaria
Mención de responsabilidad, etc. José Luis Barrio De La Puente
650 04 - PUNTO DE ACCESO ADICIONAL DE MATERIA-TÉRMINO DE MATERIA
Término de materia o nombre geográfico como elemento inicial Calidad-Educación
9 (RLIN) 254137
773 0# - ENLACE AL DOCUMENTO FUENTE
Título Revista Complutense de Educación
Parte(s) relacionada(s) vol. 15, nº. 2, 2004, págs. 621-646
Número de control del registro relacionado Rev1338
942 ## - ENTRADA DE ELEMENTOS AGREGADOS (KOHA)
Koha [por defecto] tipo de item Artículos de revista
Holdings
Suprimido Perdido Estropeado No para préstamo Localización permanente Localización actual Localización en estantería Fecha adquisición Préstamos totales Fecha última consulta Fecha del precio de reemplazo Tipo de item de Koha
        San Esteban San Esteban Depósito de revistas 11/07/2014   11/07/2014 11/07/2014 Artículos de revista

Bibliotecas Dominicos Provincia Hispania, 2016

Con tecnología Koha